Modelling, simulation and control of non-linear dynamical systems : an intelligent approach using soft computing and fractal theory

Αποθηκεύτηκε σε:
Λεπτομέρειες βιβλιογραφικής εγγραφής
Κύριος συγγραφέας: Melin, Patricia 1962-
Άλλοι συγγραφείς: Castillo, Oscar 1959-
Μορφή: Βιβλίο
Γλώσσα:English
Δημοσίευση: London : Taylor & Francis, 2002
Σειρά:Numerical insights ; ; 2
Θέματα:
Ετικέτες: Προσθήκη ετικέτας
Δεν υπάρχουν, Καταχωρήστε ετικέτα πρώτοι!

MARC

LEADER 00000nam a2200000 i 4500
001 1/95245
008 081013s2002 eng d
020 |a 0-415-27236-X 
035 |l 10100801 
040 |a GR-MY-UA  |b gre  |e aacr 
041 0 |a eng 
082 0 |a 003.75  |2 (22) 
100 1 |a Melin, Patricia  |d 1962- 
245 1 0 |a Modelling, simulation and control of non-linear dynamical systems :  |b an intelligent approach using soft computing and fractal theory /  |c Patricia Melin and Oscar Castillo 
260 |a London :   |b Taylor & Francis,   |c 2002 
300 |a xi, 249 σ.;  |b εικ.;  |c 26 εκ.+  |e 1 δισκέτα (3 1/2 ίν.) 
490 1 |a Numerical insights  |v ; 2  |x 1028-5350 
500 |a Η δισκέτα περιέχει τα προγράμματα υπολογιστών για τη διαμόρφωση/την προσομοίωση 
504 |a Βιβλιογραφία: σ. [215]-224 
504 |a Ευρετήριο: σ. [247]-249 
650 0 0 |a Nonlinear theories. 
650 0 0 |a Control theory. 
650 0 0 |a Soft computing. 
650 0 0 |a Dynamics. 
650 0 0 |a Fractals. 
700 1 |a Castillo, Oscar  |d 1959- 
830 0 |a Numerical insights ;  |v ; 2  |x 1028-5350 
852 |a INST  |b LESVOS  |e 20081013  |h 003.75 MEL  |p 005100043245  |q 005100043245  |t BK  |y 0 
852 |a INST  |b LESVOS  |e 20081013  |h 003.75 MEL   |p 005100043246  |q 005100043246  |t BK  |y 0 
901 |a BIBL1-2008-3 
909 |a Λ  |b 145079 
909 |a Λ  |b 137578 
922 |a 1ΕΛΗ  |b 200801  |c ΕΠΕΑΕΚ2/ΤΕΘ  |d ΕΛΕΥΘΕΡΟΥΔΑΚΗΣ 
970 |a ΚΑΡΑ  |b ΓΙΑΣΕΜΗ  |z 2008/10/13